000
00270nam a2200109Ia 4500
008
220204s9999 xx 000 0 und d
082
_a
82-3
_b
CHA
100
_a
Chase, James Hadley
245
0
_a
You're lonely when you're dead
260
_a
Bombay
_b
IBH
_c
1978
942
_c
BK
999
_c
29334
_d
29334